Подробности
| 000 -МАРКЕР |
| контрольное поле |
01999nam0a22003371 4500 |
| 001 - ИДЕНТИФИКАТОР ЗАПИСИ |
| контрольное поле |
RU\NLR\A1\1528 |
| 005 - ИДЕНТИФИКАТОР ВЕРСИИ |
| контрольное поле |
20260406025523.0 |
| 035 ## - ДРУГИЕ СИСТЕМНЫЕ НОМЕРА |
| Идентификатор записи |
(NLR Aleph) 009671680 |
| 100 ## - ДАННЫЕ ОБЩЕЙ ОБРАБОТКИ |
| Данные общей обработки |
19961217d1799 c y0rusy50 ca |
| 101 0# - ЯЗЫК РЕСУРСА |
| Язык текста, звукозаписи и т.д. |
русский |
| 102 ## - СТРАНА ПУБЛИКАЦИИ ИЛИ ПРОИЗВОДСТВА |
| Страна публикации |
российская федерация |
| 140 ## - ПОЛЕ КОДИРОВАННЫХ ДАННЫХ: СТАРОПЕЧАТНЫЕ ИЗДАНИЯ - ОБЩАЯ ИНФОРМАЦИЯ |
| Кодированные данные о старопечатном издании - Основные |
y y cayaa0000 |
| 200 1# - ЗАГЛАВИЕ И СВЕДЕНИЯ ОБ ОТВЕТСТВЕННОСТИ |
| Основное заглавие |
Кукла Лизаньке или Награжденное прилежание |
| Сведения, относящиеся к заглавию |
Детская драмма |
| Первые сведения об ответственности |
Сочинена Г.Г. |
| 210 ## - ПУБЛИКАЦИЯ, РАСПРОСТРАНЕНИЕ И ДР. |
| Место издания, распространения и т.д. |
В Санктпетербурге |
| Имя издателя, распространителя и т. д. |
Иждив. И.Сытина |
| Дата издания, распространения и т.д. |
[1799] |
| 215 ## - ФИЗИЧЕСКАЯ ХАРАКТЕРИСТИКА |
| Специфическое обозначение материала и объем |
16 с. |
| Размеры |
16° |
| 316 ## - ПРИМЕЧАНИЯ ОБ ОСОБЕННОСТЯХ ЭКЗЕМПЛЯРА |
| Текст примечания |
Экз. РНБ (18.167.2.13) в обл. из мрамор. бумаги. На 1-й с. обл. ярлык с шифром РНБ. На 2-й с. обл. ярлык с шифром РНБ и штамп с шифром Мф. На 4-й с. обл. экслибрис рус. фонда РНБ с шифром. |
| Организация и экземпляр, к которому относится поле |
NLR: 18.167.2.13 |
| 321 1# - ПРИМЕЧАНИЯ ОБ ОТДЕЛЬНО ИЗДАННЫХ УКАЗАТЕЛЯХ / РЕФЕРАТАХ / ССЫЛКАХ, ОТРАЖАЮЩИХ КАТАЛОГИЗИРУЕМЫЙ ДОКУМЕНТ |
| Примечания об указателях, рефератах, ссылках |
СК XVIII 1581 |
| 325 1# - ПРИМЕЧАНИЕ О КОПИИ |
| Текст примечания |
Воспроизведен микрофильм. РНБ Репрография: Санкт-Петербург, 2016. Позитив: 21 кадр; микрофильм рулонный; 35мм; монохромный; основа безопасная; эмульсия галогеносеребряная; кратность уменьшения 8; рабочая копия. Негатив: 21 кадр ; 35 мм ; основная страховая копия. |
| 517 1# - ДРУГИЕ ВАРИАНТЫ ЗАГЛАВИЯ |
| Вариант заглавия |
Награжденное прилежание |
| 620 ## - МЕСТО И ДАТА ПУБЛИКАЦИИ, ИСПОЛНЕНИЯ И Т. Д. |
| Город |
Санкт-Петербург |
| 700 #1 - ИМЯ ЛИЦА - ПЕРВИЧНАЯ ОТВЕТСТВЕННОСТЬ |
| Код отношения |
Автор |
| Материалы, к которым относится поле |
rus |
| Графика поля |
Кириллица |
| Начальный элемент ввода |
Городчанинов |
| Часть имени, кроме начального элемента ввода |
Г. Н. |
| Даты |
1772-1852 |
| Расширение инициалов личного имени |
Григорий Николаевич |
| Идентификатор авторитетной/нормативной записи |
RU\NLR\AUTH\77127168 |
| Системный номер авторитетной/нормативной записи |
110092 |
| 702 #1 - ИМЯ ЛИЦА - ВТОРИЧНАЯ ОТВЕТСТВЕННОСТЬ |
| Код отношения |
Заказчик, капиталовкладчик |
| Начальный элемент ввода |
Сытин |
| Часть имени, кроме начального элемента ввода |
И. Я. |
| Даты |
1765-1835 |
| Расширение инициалов личного имени |
Иван Яковлевич |
| Системный номер авторитетной/нормативной записи |
138284 |
| Идентификатор авторитетной/нормативной записи |
RU\NLR\AUTH\770138319 |
| 790 #0 - ИМЯ ЛИЦА - АЛЬТЕРНАТИВНАЯ ФОРМА |
| Связь между полями |
z01700 |
| Начальный элемент ввода |
Г.Г. |
| 801 #0 - ИСТОЧНИК ЗАПИСИ |
| Страна |
российская федерация |
| Организация |
NLR |
| Дата составления |
19961217 |
| 852 ## - МЕСТОНАХОЖДЕНИЕ И ШИФР ХРАНЕНИЯ |
| Идентификатор организации |
NLR |
| Шифр хранения (Call Number) |
18.167.2.13 |
| 852 ## - МЕСТОНАХОЖДЕНИЕ И ШИФР ХРАНЕНИЯ |
| Идентификатор организации |
NLR |
| Наименование фонда или коллекции (Sub-Location Identifier) |
Мф |
| Шифр хранения (Call Number) |
К-1 36180 |
| 942 ## - ДОПОЛНИТЕЛЬНЫЕ ЭЛЕМЕНТЫ ЗАПИСИ (АБИС) |
| Тип экземпляра АБИС |
Книга |
| 980 ## - КОЛЛЕКЦИЯ |
| Название коллекции |
Национальная библиография |
| 980 ## - КОЛЛЕКЦИЯ |
| Название коллекции |
Русская книга гражданской печати XVIII в. в библиотеках РФ |